000 00316 a2200133 4500
001 154711
040 _cEscola São Tomás de Aquino
100 _aREY, Marcos
240 1 0 _aBrasil: os fascinantes anos 20
_lpor
245 1 0 _aBrasil: os fascinantes anos 20
440 1 _aÁtica
697 _aHISTÓRIA
942 _cBK
999 _c154711
_d154711